=LDR 00000nam 2200000 4500 =001 INLIS000000000042958 =005 20131008101212 =008 ***********************************Ind** =035 ##$$0010-101300000000880 =041 ##$$a Ind =082 ##$$a 973 =090 ##$$a 973, Lip a =100 ##$$a Lipset, Seymon Martin =245 ##$$a Amerika serikat, Bangsa baru yang pertama dalam perspektif sejarah dan komperatif, Seymour Martin Lipset ; diterjemahkan oleh Hermawan Sulistyo =260 ##$$a 1994 $b Jakarta =300 ##$$a lxxii, 401 hlm, 21 cm =650 ##$$a Amerika Serika =650 ##$$a Sejarah =700 ##$$a Sulistyo, Hermawan =850 ##$$a NBPNMAT